| 000 | 00442nam a2200205Ia 4500 | ||
|---|---|---|---|
| 005 | 20250425161302.0 | ||
| 008 | 250425s9999 xx 000 0 und d | ||
| 041 | _aspa | ||
| 043 | _asp | ||
| 082 | _a799.1 | ||
| 100 | _aBAUER, ERWIN A. | ||
| 245 | 0 | _aLA PESCA DEL BLACK-BASS | |
| 250 | _a1A ED. | ||
| 260 | _aBARCELONA | ||
| 260 |
_aEspaƱa _bSINTES _c1967 |
||
| 300 | _a272 | ||
| 650 | _aPESCA | ||
| 942 | _c01 | ||
| 010 | _a16878 | ||
| 999 |
_c206134 _d206134 |
||